000 00717cam a2200241 a 4500
999 _c8897
_d8897
001 8897
003 BD-JhCC
005 20180925122504.0
008 980323s1910 enk 000 0 eng d
035 _aBD-JhCC
035 _a(BD-JhCC)8897
035 _a(UkLCURL)o600p3064986
040 _aWashington, D.C. Public Library
_dISM
_dISM
_dGZM
_dEUM
_dCUD
_dBD-JhCC
041 _aeng
082 _bHUD 1910
_a807
100 1 _aHudson, William Henry,
_d1862-1918.
245 1 3 _aAn introduction to the study of literature /
_cby William Henry Hudson.
260 _aLondon :
_bG.G. Harrap & Company,
_c1910.
300 _a432 p. ;
_c20 cm.
650 0 _aLiterature
_xStudy and teaching.
942 _2ddc
_cBK